Statistics for Warhammer 40K Space Marine Legions & Primarchs

Click here to take the quiz!

General Stats

  • This quiz has been taken 770 times
  • The average score is 25 of 40

Answer Stats

Answer % Correct
Ultramarines
94%
Blood Angels
90%
Space Wolves
88%
Dark Angels
88%
Imperial Fists
82%
Horus
81%
Emperor's Children
80%
World Eaters
80%
Salamanders
76%
Luna Wolves
76%
Alpha Legion
76%
Death Guard
73%
Iron Hands
72%
Thousand Sons
72%
Word Bearers
71%
Iron Warriors
71%
White Scars
71%
Sanguinius
68%
Fulgrim
67%
Rogal Dorn
67%
Leman Russ
67%
Magnus the Red
66%
Raven Guard
65%
Roboute Guilliman
64%
Night Lords
61%
Angron
60%
Mortarion
55%
Konrad Curze
53%
Lorgar
52%
Vulkan
52%
Ferrus Manus
50%
Perturabo
50%
Lion El'Jonson
49%
Corax
45%
Alpharius
43%
Jaghatai Khan
37%
Missing
17%
Missing
17%
Missing
17%
Missing
17%

Score Distribution

Percentile by Number Answered

Percent of People with Each Score

Your Score History

You have not taken this quiz